Tratado de las obligaciones II. De las fuentes de las obligaciones: el negocio jurídico.

محفوظ في:
التفاصيل البيبلوغرافية
المؤلف الرئيسي: Hinestrosa, Fernando (autor)
التنسيق: كتاب
اللغة:الإسبانية
منشور في: Bogotá, Colombia: Universidad Externado de Colombia, 2015.
الطبعة:Primera edición.
الموضوعات:
الوسوم: إضافة وسم
لا توجد وسوم, كن أول من يضع وسما على هذه التسجيلة!

MARC

LEADER 00000cam a2200000 a 4500
001 UCE9129
003 CL-VaPUC
005 20250108104736.0
008 150928e20150000ck |||||||||||||||||spa|d
999 |c 360827  |d 360825 
020 |a 978-958-772-248-2 
040 |c Pontificia Universidad Católica de Valparaíso 
082 0 4 |a 346.8602 HIS 2015   |2 21 
100 0 |a Hinestrosa, Fernando  |e autor  |9 484842 
245 1 0 |a Tratado de las obligaciones II.   |b De las fuentes de las obligaciones: el negocio jurídico.  
250 |a Primera edición.  
260 |a Bogotá, Colombia:   |b Universidad Externado de Colombia,   |c 2015.  
300 |a 1283 páginas.  
500 |a c.2 Volumen I: Donación Familia Prof. Alejandro Guzmán Brito. 
583 |a last modification  |c 20151112 05:36:58  |k Rodrigo Vera 
650 0 |a Obligaciones   |9 255578 
650 0 |a Resolución de los contratos  |2 CL-VaPUC  |9 386371 
650 0 |a Actos jurídicos  |9 255748 
650 0 |a Responsabilidad  |9 308399 
650 0 |a Derechos civiles  |9 255655 
651 0 |a Colombia  |9 256424 
942 |c BK  |2 ddc  |n 0 
945 |d 20150928 14:02:00  |a gsalatino 
952 |0 0  |1 0  |3 erb  |4 0  |6 346_860200000000000_HIS_2015  |7 0  |8 A  |9 470800  |a BIBDER  |b BIBDER  |h v.1  |i 5199956  |o 346.8602 HIS 2015  |p 5199956  |r 2023-01-25  |w 2019-11-23  |y BK  |z Catalogado en:20150928  |k DER 
952 |0 0  |1 0  |2 ddc  |4 0  |6 346_860200000000000_HIS_2015  |7 1  |8 C_AGB  |9 581148  |a BIBDER  |b BIBDER  |d 2022-02-04  |e Donación   |h v.I   |i 564495K  |o 346.8602 HIS 2015  |p 564495K  |r 2023-01-25  |t 2  |w 2022-02-04  |y BK_US  |k AGB